| 000 | 00685nam a2200265Ia 4500 | ||
|---|---|---|---|
| 005 | 20251020182515.0 | ||
| 008 | 200515s9999 xx 000 0 und d | ||
| 020 | _a958-600-295-0 | ||
| 082 | _a658.56/M12/2 | ||
| 100 | _aBarbosa Cano, Erasmo | ||
| 245 | 0 | _aCalidad total para juntas y reuniones : Preparación, conducción y seguimiento | |
| 260 | _aSantafé de Bogotá | ||
| 260 | _bMcGraw-Hill | ||
| 260 | _c1994 | ||
| 300 | _bil.; tbls. | ||
| 490 | _aSerie McGraw-Hill de calidad total | ||
| 500 | _a1 ejemplar | ||
| 520 | _at.2 | ||
| 650 | _aDIRECCION | ||
| 650 | _aPLANEACION | ||
| 650 | _aRECURSOS HUMANOS | ||
| 942 | _cLIB | ||
| 999 |
_c1560 _d1560 |
||